| 000 | 00893cam a2200277 a 4500 | ||
|---|---|---|---|
| 999 |
_c10047 _d10047 |
||
| 001 | 10047 | ||
| 003 | BD-JhCC | ||
| 005 | 20180404192505.0 | ||
| 008 | 180404r19911953ne a d 001 0 eng | ||
| 020 | _a9004006818 | ||
| 035 | _a(BD-JhCC)10047 | ||
| 040 |
_aDLC _cDLC _dDLC _dBD-JhCC |
||
| 041 | _aeng | ||
| 050 | 0 | 0 |
_aBP40 _b.S465 1991 |
| 082 | 0 | 0 |
_a297/.03 _220 _bSHO 1991 |
| 245 | 0 | 0 |
_aShorter encyclopaedia of Islam / _cedited on behalf of the Royal Netherlands Academy by H.A.R. Gibb and J.H. Kramers. |
| 260 |
_aLeiden ; _aNew York : _bE.J. Brill, _c1991. |
||
| 300 |
_aviii, 671 p. : _bill. ; _c26 cm. |
||
| 500 | _aIncludes index. | ||
| 500 | _aFirst published 1953. | ||
| 650 | 0 |
_aIslam _vDictionaries. |
|
| 700 | 1 |
_aGibb, H. A. R. _q(Hamilton Alexander Rosskeen), _d1895-1971. |
|
| 700 | 1 |
_aKramers, J. H. _q(Johannes Hendrik), _d1891-1951. |
|
| 942 |
_2ddc _cREF |
||